IFM Opac

European monetary unification and its meaning for the U. S. (Record no. 15173)

MARC details
000 -LEADER
fixed length control field 00324nam a22001217a 4500
020 ## - INTERNATIONAL STANDARD BOOK NUMBER
International Standard Book Number 0815750323
082 ## - DEWEY DECIMAL CLASSIFICATION NUMBER
Classification number 332.494 UER
245 ## - TITLE STATEMENT
Title European monetary unification and its meaning for the U. S.
260 ## - PUBLICATION, DISTRIBUTION, ETC.
Place of publication, distribution, etc. London
Name of publisher, distributor, etc. The brookings institution
Date of publication, distribution, etc. 1973
300 ## - PHYSICAL DESCRIPTION
Extent xi,322p.
Other physical details 24cm.
500 ## - GENERAL NOTE
General note Include index
942 ## - ADDED ENTRY ELEMENTS (KOHA)
Koha item type Books
Holdings
Withdrawn status Lost status Source of classification or shelving scheme Damaged status Not for loan Home library Current library Shelving location Date acquired Full call number Barcode Date last seen Price effective from Koha item type
    Dewey Decimal Classification     IFM Main Campus Library IFM Main Campus Library   02/01/2016 332.494 UER 0000015590 02/01/2016 02/01/2016 Books